Normal view
MARC view
Entry Chronological Term
001 - CONTROL NUMBER
- control field: 3609
003 - CONTROL NUMBER IDENTIFIER
- control field: OSt
005 - DATE AND TIME OF LATEST TRANSACTION
- control field: 20221006121228.0
008 - FIXED-LENGTH DATA ELEMENTS
- fixed length control field: 221006|| aca||aabn | a|a d
040 ## - CATALOGING SOURCE
- Original cataloging agency: OSt
- Transcribing agency: OSt
148 ## - HEADING--CHRONOLOGICAL TERM
- Chronological term: 15.-16. storočie
670 ## - SOURCE DATA FOUND
- Source citation: Work cat.: (OSt)0: Gregory, Philippa, 1954- 3578, Katarína Aragónska, 2017